| 000 | 00892nam a2200277 a 4500 | ||
|---|---|---|---|
| 001 | 37212 | ||
| 003 | BD-RjUL | ||
| 005 | 20211209052605.0 | ||
| 008 | 141112s2001 ne ab b 001 0 eng c | ||
| 020 | _a8120414977 | ||
| 035 | _a(OCoLC)ocm48960698 | ||
| 035 | _a(BD-RjUL)37314 | ||
| 040 |
_aZCU _cZCU _beng _dBD-RjUL |
||
| 041 | 1 |
_aeng _hfre |
|
| 082 |
_221 _a577 _bECO 2001 |
||
| 245 | 1 | 0 |
_aEcology : _bscience and practice / _cClaude Faurie ... [et al.]. |
| 260 |
_a New Delhi: _bOxford & IBH Publishing Co. Pvt. Ltd., _cc2001. |
||
| 300 |
_axvii, 321 p. : _bill., maps ; _c29 cm. |
||
| 500 | _aTranslation of: Ecologie : approche scientifique et pratique. | ||
| 504 | _aIncludes bibliographical references and index. | ||
| 650 | 0 |
_aEcology. _9113944 |
|
| 650 | 0 |
_aBiotic communities. _9113945 |
|
| 700 | 1 |
_aFaurie, Claude. _9113946 |
|
| 942 |
_2ddc _cBK |
||
| 999 |
_c37212 _d37212 |
||